Statistiques concernant Pays les plus médaillé aux JO d'été

Cliquez ici pour prendre le quiz!

Statistiques générales

  • Ce quiz a été pris 3,866 fois
  • Le résultat moyen est 15 sur 20

Statistiques - réponses

médailles pays % Correct
716France
100%
2,522Etats-Unis
99%
546Chine
98%
937Allemagne /
Allemagne de l'Ouest
97%
426Russie
96%
439Japon
95%
849Grande Bretagne
95%
577Italie
93%
302Canada
93%
497Australie
85%
494Suède
74%
267Corée du Sud
70%
284Pologne
68%
1,122Union soviétique
66%
285Pays-Bas
63%
303Finlande
58%
491Hongrie
43%
306Roumanie
42%
409Allemagne de l'est
32%
225Cuba
27%

Distribution des résultats

Percentile by Number Answered

% des personnes avec chaque résultat

Votre développement - résultats

Vous n’avez pas pris ce quiz